Which President Passed the Act? - Statistics

General Stats
  • This quiz has been taken 12 times
  • The average score is 7 of 15
Answer Stats
Act President % Correct
Affordable Care Act Barack Obama
100%
Indian Removal Act Andrew Jackson
91%
Americans with Disabilities Act George H. W. Bush
82%
Alien and Sedition Acts John Adams
73%
Social Security Act Franklin D. Roosevelt
64%
Kansas-Nebraska Act Franklin Pierce
45%
Homestead Act Abraham Lincoln
36%
Oregon Treaty James K. Polk
36%
Voting Rights Act Lyndon B. Johnson
36%
Embargo Act Thomas Jefferson
36%
Sherman Antitrust Act Benjamin Harrison
27%
Chinese Exclusion Act Chester A. Arthur
27%
Fugitive Slave Act Millard Fillmore
27%
Newlands Reclamation Act Theodore Roosevelt
18%
Federal Reserve Act Woodrow Wilson
18%
No matching quizzes found
Score Distribution
Percent of People with Each Score
Percentile by Number Answered
Your Score History
You have not taken this quiz